| 000 | 00605nam a22001817a 4500 | ||
|---|---|---|---|
| 010 | _aENG-144806 | ||
| 020 |
_a978939420129 _c1350.00 |
||
| 035 | _aEN-128338 | ||
| 037 | _bDBAD | ||
| 082 |
_22022 _a158.1 |
||
| 100 |
_aPAL,B.K. _981042 |
||
| 245 |
_aIDEAS TO TRANSFORM THE WAY OF LIFE/ _cB.K. PAL |
||
| 250 | _a2022 | ||
| 260 |
_aDELHI _bBLUE INK INTERNATIONAL PUBLSIHERS&DISTRIBUTORS _c2022 |
||
| 270 |
_a1/11137, TOP FLOOR, LANE NO. 10, NEAR KIRTI MANDIR, SUBHASH PARK, _bSHAHDARA, _e110032 _mblueinkipd2021@gmail.com |
||
| 300 |
_a260p. _c22cm.(HB) |
||
| 942 |
_2ddc _cEN _h158.1 _mPAL |
||
| 999 |
_c211168 _d211168 |
||